<?xml version="1.0" encoding="UTF-8"?>
<record
    xmlns:xsi="http://www.w3.org/2001/XMLSchema-instance"
    xsi:schemaLocation="http://www.loc.gov/MARC21/slim http://www.loc.gov/standards/marcxml/schema/MARC21slim.xsd"
    xmlns="http://www.loc.gov/MARC21/slim">

  <leader>03421njm a2200553Ia 4500</leader>
  <controlfield tag="001">20766</controlfield>
  <controlfield tag="003">IT-RoPAU</controlfield>
  <controlfield tag="005">20220918181125.0</controlfield>
  <controlfield tag="008">131025s9999    xx            000 0 und d</controlfield>
  <datafield tag="040" ind1=" " ind2=" ">
    <subfield code="a">IT-RoPAU</subfield>
  </datafield>
  <datafield tag="040" ind1=" " ind2=" ">
    <subfield code="c">IT-RoPAU</subfield>
  </datafield>
  <datafield tag="041" ind1=" " ind2=" ">
    <subfield code="a">ITALIANO</subfield>
  </datafield>
  <datafield tag="999" ind1=" " ind2=" ">
    <subfield code="c">100109</subfield>
    <subfield code="d">100109</subfield>
  </datafield>
  <datafield tag="999" ind1=" " ind2=" ">
    <subfield code="b">n.d.</subfield>
  </datafield>
  <datafield tag="100" ind1=" " ind2=" ">
    <subfield code="a">AA.VV.</subfield>
    <subfield code="9">794</subfield>
  </datafield>
  <datafield tag="100" ind1=" " ind2=" ">
    <subfield code="e">Autore musica</subfield>
    <subfield code="9">3099</subfield>
  </datafield>
  <datafield tag="100" ind1=" " ind2=" ">
    <subfield code="g">Codice autore musica SPICS: 12000</subfield>
    <subfield code="9">796</subfield>
  </datafield>
  <datafield tag="245" ind1=" " ind2=" ">
    <subfield code="a">Sport e vacanze (disco)</subfield>
  </datafield>
  <datafield tag="250" ind1=" " ind2=" ">
    <subfield code="a">2a ed.</subfield>
  </datafield>
  <datafield tag="260" ind1=" " ind2=" ">
    <subfield code="a">MILANO</subfield>
  </datafield>
  <datafield tag="260" ind1=" " ind2=" ">
    <subfield code="b">FRATELLI FABBRI EDITORI</subfield>
    <subfield code="c">1982 [1a Ed.:1970]</subfield>
  </datafield>
  <datafield tag="300" ind1=" " ind2=" ">
    <subfield code="a">DISCO</subfield>
  </datafield>
  <datafield tag="300" ind1=" " ind2=" ">
    <subfield code="c">23 minuti (Testo:  pag.)</subfield>
  </datafield>
  <datafield tag="500" ind1=" " ind2=" ">
    <subfield code="a">La canzone italiana. La canzone e la cronaca. Montagna, sci, a passeggio con Ninetta, passeggiare, ragazzo atleta forte e muscoloso, sogno d'amore, vacanze, amore, abitudini familiari, castelli romani.</subfield>
  </datafield>
  <datafield tag="505" ind1=" " ind2=" ">
    <subfield code="a">Canta lo sciatore [(Cherubini/Bixio-Del Pelo) 82:00)] - La bicicletta [(Natali/Rusconi/Leo Schor) (3:00)] - Sulla bici... bicicletta [(Ravasini/Larici-Gigi Beccaria) (3:00)] - Il mio amore &#xE8; un centrattacco [(Di Napoli/Mariotti) (3:00)] - Una notte a Madera [(Marf/Mascheroni-Dolliver/Trio Lescano) (3:00)] - Quando l'estate [(Spadaro) (3:00)] - La famiglia Brambilla [(Casiroli/Rastelli-F.Tommei) (3:00)] - Nann&#xEC; nann&#xEC; [(Silvestri-Alfredo del Pelo e il Suo Quartetto) (3:00)]</subfield>
  </datafield>
  <datafield tag="511" ind1=" " ind2=" ">
    <subfield code="a">Del Pelo Alfredo</subfield>
  </datafield>
  <datafield tag="511" ind1=" " ind2=" ">
    <subfield code="a">Spadaro Odoardo e Arcangeli Maria Pia</subfield>
  </datafield>
  <datafield tag="511" ind1=" " ind2=" ">
    <subfield code="a">Beccaria Gigi</subfield>
  </datafield>
  <datafield tag="511" ind1=" " ind2=" ">
    <subfield code="a">Bianchi Meme</subfield>
  </datafield>
  <datafield tag="511" ind1=" " ind2=" ">
    <subfield code="a">Dolliver Luciana e il Trio Lescano</subfield>
  </datafield>
  <datafield tag="511" ind1=" " ind2=" ">
    <subfield code="a">Tommei Fausto</subfield>
  </datafield>
  <datafield tag="511" ind1=" " ind2=" ">
    <subfield code="a">Alfredo del Pelo e il suo quartetto</subfield>
  </datafield>
  <datafield tag="650" ind1=" " ind2=" ">
    <subfield code="a">CANZONE ITALIAN [DISCHI]</subfield>
    <subfield code="e">Codice MATERIA SPICS: 9950</subfield>
    <subfield code="9">3100</subfield>
  </datafield>
  <datafield tag="700" ind1=" " ind2=" ">
    <subfield code="a">Bixio Cesare Andrea</subfield>
    <subfield code="d">Codice autore musica SPICS: 13441</subfield>
    <subfield code="e">Autore musica</subfield>
    <subfield code="p">Canta lo sciatore</subfield>
    <subfield code="9">3101</subfield>
  </datafield>
  <datafield tag="700" ind1=" " ind2=" ">
    <subfield code="a">Cherubini Bixio</subfield>
    <subfield code="d">Codice autore testo/musica SPICS: 13442</subfield>
    <subfield code="e">Autore testo/musica</subfield>
    <subfield code="p">Canta lo sciatore</subfield>
    <subfield code="9">3102</subfield>
  </datafield>
  <datafield tag="700" ind1=" " ind2=" ">
    <subfield code="a">Schor Lao</subfield>
    <subfield code="d">Codice autore musica SPICS: 13537</subfield>
    <subfield code="e">Autore musica</subfield>
    <subfield code="p">La bicicletta</subfield>
    <subfield code="9">3103</subfield>
  </datafield>
  <datafield tag="700" ind1=" " ind2=" ">
    <subfield code="a">Rusconi Ermenegildo</subfield>
    <subfield code="d">Codice autore SPICS: 22482</subfield>
    <subfield code="e">Autore</subfield>
    <subfield code="p">La bicicletta</subfield>
    <subfield code="9">3104</subfield>
  </datafield>
  <datafield tag="700" ind1=" " ind2=" ">
    <subfield code="a">Natali Nuccia</subfield>
    <subfield code="d">Codice autore testo/musica SPICS: 13454</subfield>
    <subfield code="e">Autore testo/musica</subfield>
    <subfield code="p">La bicicletta</subfield>
    <subfield code="9">3105</subfield>
  </datafield>
  <datafield tag="700" ind1=" " ind2=" ">
    <subfield code="a">Larici (Gili Mario)</subfield>
    <subfield code="d">Codice autore musica SPICS: 13548</subfield>
    <subfield code="e">Autore musica</subfield>
    <subfield code="p">Sulla bici... bicicletta</subfield>
    <subfield code="9">3106</subfield>
  </datafield>
  <datafield tag="700" ind1=" " ind2=" ">
    <subfield code="a">Ravasini Nino</subfield>
    <subfield code="d">Codice autore testo/musica SPICS: 13383</subfield>
    <subfield code="e">Autore testo/musica</subfield>
    <subfield code="p">Sulla bici... bicicletta</subfield>
    <subfield code="9">3107</subfield>
  </datafield>
  <datafield tag="700" ind1=" " ind2=" ">
    <subfield code="a">Mariotti Mario</subfield>
    <subfield code="d">Codice autore musica SPICS: 13547</subfield>
    <subfield code="e">Autore musica</subfield>
    <subfield code="p">Il mio amore &#xE8; un centrattacco</subfield>
    <subfield code="9">3108</subfield>
  </datafield>
  <datafield tag="700" ind1=" " ind2=" ">
    <subfield code="a">Di Napoli Rosa</subfield>
    <subfield code="d">Codice autore testo/musica SPICS: 13546</subfield>
    <subfield code="e">Autore testo/musica</subfield>
    <subfield code="p">Il mio amore &#xE8; un centrattacco</subfield>
    <subfield code="9">3109</subfield>
  </datafield>
  <datafield tag="700" ind1=" " ind2=" ">
    <subfield code="a">Mascheroni Vittorio</subfield>
    <subfield code="d">Codice autore musica SPICS: 13134</subfield>
    <subfield code="e">Autore musica</subfield>
    <subfield code="p">Una notte a Madera</subfield>
    <subfield code="9">3110</subfield>
  </datafield>
  <datafield tag="700" ind1=" " ind2=" ">
    <subfield code="a">Marf (Bonavita Mario)</subfield>
    <subfield code="d">Codice autore testo/musica SPICS: 13496</subfield>
    <subfield code="e">Autore testo/musica</subfield>
    <subfield code="p">Una notte a Madera</subfield>
    <subfield code="9">3111</subfield>
  </datafield>
  <datafield tag="700" ind1=" " ind2=" ">
    <subfield code="a">Spadaro Odoardo</subfield>
    <subfield code="d">Codice autore testo/musica SPICS: 1159</subfield>
    <subfield code="e">Autore testo/musica</subfield>
    <subfield code="p">Quando l'estate</subfield>
    <subfield code="9">3112</subfield>
  </datafield>
  <datafield tag="700" ind1=" " ind2=" ">
    <subfield code="a">Rastelli Nino</subfield>
    <subfield code="d">Codice autore musica SPICS: 13482</subfield>
    <subfield code="e">Autore musica</subfield>
    <subfield code="p">La famiglia Brambilla</subfield>
    <subfield code="9">3113</subfield>
  </datafield>
  <datafield tag="700" ind1=" " ind2=" ">
    <subfield code="a">Casiroli Nino</subfield>
    <subfield code="d">Codice autore testo/musica SPICS: 13508</subfield>
    <subfield code="e">Autore testo/musica</subfield>
    <subfield code="p">La famiglia Brambilla</subfield>
    <subfield code="9">3114</subfield>
  </datafield>
  <datafield tag="700" ind1=" " ind2=" ">
    <subfield code="a">Silvestri Franco</subfield>
    <subfield code="d">Codice autore testo/musica SPICS: 13543</subfield>
    <subfield code="e">Autore testo/musica</subfield>
    <subfield code="p">Nann&#xEC; nann&#xEC;</subfield>
    <subfield code="9">3115</subfield>
  </datafield>
  <datafield tag="942" ind1=" " ind2=" ">
    <subfield code="c">MD</subfield>
    <subfield code="2">ddc</subfield>
  </datafield>
  <datafield tag="952" ind1=" " ind2=" ">
    <subfield code="0">0</subfield>
    <subfield code="1">0</subfield>
    <subfield code="4">0</subfield>
    <subfield code="6">20766_000000000000000</subfield>
    <subfield code="7">1</subfield>
    <subfield code="a">SPICS</subfield>
    <subfield code="b">SPICS</subfield>
    <subfield code="d">2013-10-25</subfield>
    <subfield code="l">0</subfield>
    <subfield code="o">20766</subfield>
    <subfield code="r">2013-10-25 00:00:00</subfield>
    <subfield code="w">2013-10-25</subfield>
    <subfield code="y">MD</subfield>
    <subfield code="z">Progr. Ins.: 4069 / N.Vol.: 1 / Copie: 1 - Copia rara: n.d. / date import: 01.01.2014 - By Epidotti, Trombetti, Vaglietti</subfield>
  </datafield>
</record>
